| 000 | 00723nam a22002177a 4500 | ||
|---|---|---|---|
| 003 | LK-CoDNM | ||
| 005 | 20241107132705.0 | ||
| 008 | 241015b |||||||| |||| 00| 0 eng d | ||
| 040 |
_aLK-CoDNM _dLK-CoDNM _eLK-CoDNM |
||
| 041 | _asin | ||
| 080 |
_aප්ර.ස _b10.1 |
||
| 245 |
_aසිංහල බෞද්ධයා-1907 _b2 කාණ්ඩය 60 කලාපය |
||
| 260 |
_c1907 _aකොළඹ _bමහාබෝධි යන්ත්රාලය |
||
| 300 | _b12p. ; 48 cm | ||
| 650 | _aසිංහල බෞද්ධයා-1907 | ||
| 650 | _a2 කාණ්ඩය 60 කලාපය | ||
| 650 | _aමාසික සගරාව | ||
| 650 | _aප්ර.ස 10.1 | ||
| 650 | _a1907 | ||
| 942 | _cBK | ||
| 999 |
_c228308 _d228308 |
||